00866nam a2200253 4500003000400000005001700004008004100021020001500062040001800077041000800095050002000103245010800123246008500231264006200316300003500378336002200413337002400435338002400459650003500483650003300518700003000551942001400581999001700595OSt20260601193840.0260505b2005 nyua|||| |||| 00| 0 eng d a0060833106 aICIbspacICI aeng aNC997bC73 2005 0aCreativity 34 :bbright ideas in advertising & design from the around the world /cDavid E. Carter, ed. 3aCreativity 34 : bright ideas in advertising and design from the around the world aNew York, New York :bHarper Design International,cc2005 a400 páginas :bilustraciones atexto2rdacontent asin medio2rdamedia avolumen2rdacarrier aArte comercialzEstados Unidos aArte comercialvExposiciones 1aCarter, David E.,eeditor 2lcccBn1 c21387d21387